000
00275nam a2200133Ia 4500
100
_a
Deshpande/ V.M.
942
_c
BK
654
_a
Fluid
245
_a
Fluid Mechanics (SI Units)
260
_b
Everest Pub
_c
1991
082
_a
532.DES
300
_a
1104
546
_a
ENGLISH
999
_c
30456
_d
30456